000 01086nam a2200229 i 4500
001 137008
003 ES-MaACL
005 20230906195303.0
007 t|
008 070214s1916 fr r ||||1| fre d
245 0 3 _aL' Italie et la guerre d'apres les temoignages de ses hommes d'Etat /
_cSalandra... [et al.] ; preface de M. Henri Hauvette.
260 _aParis :
_bA. Colin,
_c1916.
300 _aXIII, 144 p. ;
_c19 x 12 cm.
500 _aContiene: Notre guerre est une guerre sainte / par A. Salandra ---- Pour l'anniversaire de Solférino / par T. Tittoni ---- La victoire suivra nos drapeaux / par S. Barzilaï ---- Les caractères de notre guerre / par V. E. Orlando ---- A la Chambre des Députés italienne / par S. Sonnino ---- Aux fêtes franco-italiennes de Nice / par T. Tittoni.
700 1 _aSalandra, Antonio.
_9101711
700 1 _aTittoni, Tommaso.
_9110351
700 1 _aBarzilai, Salvatore.
_926221
700 0 _aOrlando, Vittorio Emanuelle.
_987283
700 1 _aSonnino, Sidney.
_9107303
700 1 _aHauvette, Henri.
_962136
852 _aES-MaACL
_jD-4210
999 _c137008
_d137008